<?xml version="1.0" encoding="UTF-8"?>
<record
    xmlns:xsi="http://www.w3.org/2001/XMLSchema-instance"
    xsi:schemaLocation="http://www.loc.gov/MARC21/slim http://www.loc.gov/standards/marcxml/schema/MARC21slim.xsd"
    xmlns="http://www.loc.gov/MARC21/slim">

  <leader>01437nam a22002897a 4500</leader>
  <controlfield tag="003">NALT</controlfield>
  <controlfield tag="005">20251125233130.0</controlfield>
  <controlfield tag="008">      s2559    th                  tha d</controlfield>
  <datafield tag="020" ind1=" " ind2=" ">
    <subfield code="a">9786165440066</subfield>
  </datafield>
  <datafield tag="040" ind1=" " ind2=" ">
    <subfield code="a">NALT</subfield>
  </datafield>
  <datafield tag="041" ind1=" " ind2=" ">
    <subfield code="a">tha</subfield>
  </datafield>
  <datafield tag="050" ind1=" " ind2=" ">
    <subfield code="a">LB 3045.5 </subfield>
    <subfield code="b">&#xE19;198&#xE01; 2559</subfield>
  </datafield>
  <datafield tag="100" ind1="0" ind2=" ">
    <subfield code="a">&#xE19;&#xE20;&#xE32;&#xE25;&#xE31;&#xE22; &#xE2A;&#xE38;&#xE27;&#xE23;&#xE23;&#xE13;&#xE18;&#xE32;&#xE14;&#xE32;</subfield>
    <subfield code="9">22874</subfield>
  </datafield>
  <datafield tag="245" ind1="1" ind2="0">
    <subfield code="a">&#xE01;&#xE32;&#xE23;&#xE40;&#xE02;&#xE35;&#xE22;&#xE19;&#xE1C;&#xE25;&#xE07;&#xE32;&#xE19;&#xE27;&#xE34;&#xE0A;&#xE32;&#xE01;&#xE32;&#xE23;&#xE41;&#xE25;&#xE30;&#xE1A;&#xE17;&#xE04;&#xE27;&#xE32;&#xE21; /</subfield>
    <subfield code="c">&#xE19;&#xE20;&#xE32;&#xE25;&#xE31;&#xE22; &#xE2A;&#xE38;&#xE27;&#xE23;&#xE23;&#xE13;&#xE18;&#xE32;&#xE14;&#xE32;, &#xE18;&#xE34;&#xE14;&#xE32; &#xE42;&#xE21;&#xE2A;&#xE34;&#xE01;&#xE23;&#xE31;&#xE15;&#xE19;&#xE4C;, &#xE2A;&#xE38;&#xE21;&#xE32;&#xE25;&#xE35; &#xE2A;&#xE31;&#xE07;&#xE02;&#xE4C;&#xE28;&#xE23;&#xE35;.</subfield>
  </datafield>
  <datafield tag="250" ind1=" " ind2=" ">
    <subfield code="a">&#xE1E;&#xE34;&#xE21;&#xE1E;&#xE4C;&#xE04;&#xE23;&#xE31;&#xE49;&#xE07;&#xE17;&#xE35;&#xE48; 3 (&#xE1B;&#xE23;&#xE31;&#xE1A;&#xE1B;&#xE23;&#xE38;&#xE07;&#xE40;&#xE1E;&#xE34;&#xE48;&#xE21;&#xE40;&#xE15;&#xE34;&#xE21;).</subfield>
  </datafield>
  <datafield tag="260" ind1=" " ind2=" ">
    <subfield code="a">&#xE01;&#xE23;&#xE38;&#xE07;&#xE40;&#xE17;&#xE1E;&#xE2F; : </subfield>
    <subfield code="b">&#xE20;&#xE32;&#xE1E;&#xE1E;&#xE34;&#xE21;&#xE1E;&#xE4C;, </subfield>
    <subfield code="c">2559.</subfield>
  </datafield>
  <datafield tag="300" ind1=" " ind2=" ">
    <subfield code="a">277 &#xE2B;&#xE19;&#xE49;&#xE32; :</subfield>
    <subfield code="b">&#xE20;&#xE32;&#xE1E;&#xE1B;&#xE23;&#xE30;&#xE01;&#xE2D;&#xE1A;, &#xE15;&#xE32;&#xE23;&#xE32;&#xE07; ;</subfield>
    <subfield code="c">26 &#xE0B;&#xE21;.</subfield>
  </datafield>
  <datafield tag="650" ind1=" " ind2="4">
    <subfield code="a">&#xE01;&#xE32;&#xE23;&#xE40;&#xE02;&#xE35;&#xE22;&#xE19;&#xE23;&#xE32;&#xE22;&#xE07;&#xE32;&#xE19;&#xE01;&#xE32;&#xE23;&#xE27;&#xE34;&#xE08;&#xE31;&#xE22;</subfield>
    <subfield code="9">22877</subfield>
  </datafield>
  <datafield tag="650" ind1=" " ind2="0">
    <subfield code="a">&#xE01;&#xE32;&#xE23;&#xE40;&#xE02;&#xE35;&#xE22;&#xE19;&#xE1A;&#xE17;&#xE04;&#xE27;&#xE32;&#xE21;</subfield>
    <subfield code="9">22695</subfield>
  </datafield>
  <datafield tag="650" ind1=" " ind2="0">
    <subfield code="a">&#xE01;&#xE32;&#xE23;&#xE40;&#xE02;&#xE35;&#xE22;&#xE19;&#xE17;&#xE32;&#xE07;&#xE27;&#xE34;&#xE0A;&#xE32;&#xE01;&#xE32;&#xE23;</subfield>
    <subfield code="9">22043</subfield>
  </datafield>
  <datafield tag="700" ind1="0" ind2=" ">
    <subfield code="a">&#xE18;&#xE34;&#xE14;&#xE32; &#xE42;&#xE21;&#xE2A;&#xE34;&#xE01;&#xE23;&#xE31;&#xE15;&#xE19;&#xE4C;</subfield>
    <subfield code="9">22875</subfield>
  </datafield>
  <datafield tag="700" ind1="0" ind2=" ">
    <subfield code="a">&#xE2A;&#xE38;&#xE21;&#xE32;&#xE25;&#xE35; &#xE2A;&#xE31;&#xE07;&#xE02;&#xE4C;&#xE28;&#xE23;&#xE35;</subfield>
    <subfield code="9">22876</subfield>
  </datafield>
  <datafield tag="850" ind1=" " ind2=" ">
    <subfield code="a">NALT</subfield>
  </datafield>
  <datafield tag="856" ind1="4" ind2="0">
    <subfield code="u">https://hdl.handle.net/20.500.14156/381774</subfield>
  </datafield>
  <datafield tag="942" ind1=" " ind2=" ">
    <subfield code="c">GB</subfield>
    <subfield code="2">lcc</subfield>
  </datafield>
  <datafield tag="999" ind1=" " ind2=" ">
    <subfield code="c">75818</subfield>
    <subfield code="d">75818</subfield>
  </datafield>
  <datafield tag="998" ind1=" " ind2=" ">
    <subfield code="j">111</subfield>
    <subfield code="k"> &#xE19;&#xE32;&#xE07;&#xE2A;&#xE32;&#xE27;&#xE1E;&#xE08;&#xE1E;&#xE34;&#xE13;  &#xE1E;&#xE23;&#xE21;&#xE40;&#xE2D;&#xE35;&#xE48;&#xE22;&#xE21;</subfield>
  </datafield>
  <datafield tag="952" ind1=" " ind2=" ">
    <subfield code="0">0</subfield>
    <subfield code="1">0</subfield>
    <subfield code="2">lcc</subfield>
    <subfield code="4">0</subfield>
    <subfield code="7">0</subfield>
    <subfield code="8">CGBL</subfield>
    <subfield code="a">NALT</subfield>
    <subfield code="b">NALT</subfield>
    <subfield code="d">2021-10-29</subfield>
    <subfield code="e">&#xE1A;&#xE23;&#xE34;&#xE08;&#xE32;&#xE04;</subfield>
    <subfield code="l">11</subfield>
    <subfield code="m">8</subfield>
    <subfield code="o">LB 3045.5 &#xE19;198&#xE01; 2559</subfield>
    <subfield code="p">3961202613</subfield>
    <subfield code="r">2024-03-26 00:00:00</subfield>
    <subfield code="s">2024-03-11</subfield>
    <subfield code="t">&#xE09;.2</subfield>
    <subfield code="w">2017-06-09</subfield>
    <subfield code="y">GB</subfield>
  </datafield>
  <datafield tag="952" ind1=" " ind2=" ">
    <subfield code="0">0</subfield>
    <subfield code="1">0</subfield>
    <subfield code="2">lcc</subfield>
    <subfield code="4">0</subfield>
    <subfield code="7">0</subfield>
    <subfield code="8">CGBL</subfield>
    <subfield code="a">NALT</subfield>
    <subfield code="b">NALT</subfield>
    <subfield code="d">2022-06-06</subfield>
    <subfield code="e">&#xE1A;&#xE23;&#xE34;&#xE08;&#xE32;&#xE04;</subfield>
    <subfield code="l">17</subfield>
    <subfield code="m">5</subfield>
    <subfield code="o">LB 3045.5 &#xE19;198&#xE01; 2559</subfield>
    <subfield code="p">3961202497</subfield>
    <subfield code="r">2025-05-08 00:00:00</subfield>
    <subfield code="s">2025-05-02</subfield>
    <subfield code="t">&#xE09;.1</subfield>
    <subfield code="w">2017-06-09</subfield>
    <subfield code="y">GB</subfield>
  </datafield>
</record>
